Sibyllinische Orakel: 1 - 2 ; Studien und Kommentar
| Subtitles: | Oracula Sibyllina |
|---|---|
| Main Author: | |
| Format: | Print Book |
| Language: | German Ancient Greek |
| Subito Delivery Service: | Order now. |
| Check availability: | HBZ Gateway |
| WorldCat: | WorldCat |
| Interlibrary Loan: | Interlibrary Loan for the Fachinformationsdienste (Specialized Information Services in Germany) |
| Published: |
Leiden Boston
Brill
2011
|
| In: |
Ancient Judaism and early Christianity (76)
Year: 2011 |
| Reviews: | , in: EThL 89 (2013) 448-450 (Verheyden, J.) Sibyllinische Orakel 1–2. Studien und Kommentar (2012) (Jacobs, Deborah) |
| Series/Journal: | Ancient Judaism and early Christianity
76 |
| Standardized Subjects / Keyword chains: | B
Sibylline oracles 1-2
|
| IxTheo Classification: | HA Bible |
| Further subjects: | B
Commentary
B Sibylline oracles Book 1-2 B Thesis B Sibylline oracles B Alttestamentliche Apokryphen |
| Online Access: |
Table of Contents Blurb (Publisher) |
MARC
| LEADER | 00000cam a2200000 c 4500 | ||
|---|---|---|---|
| 001 | 63792732X | ||
| 003 | DE-627 | ||
| 005 | 20251223224103.0 | ||
| 007 | tu | ||
| 008 | 101026s2011 ne ||||| m 00| ||ger c | ||
| 010 | |a 2010043093 | ||
| 020 | |a 9789004175938 |c hardback : alk. paper |9 978-90-04-17593-8 | ||
| 035 | |a (DE-627)63792732X | ||
| 035 | |a (DE-576)335882455 | ||
| 035 | |a (DE-599)GBV63792732X | ||
| 035 | |a (OCoLC)706911978 | ||
| 035 | |a (OCoLC)706911978 | ||
| 040 | |a DE-627 |b ger |c DE-627 |e rakwb | ||
| 041 | |a ger |a grc | ||
| 044 | |c XA-NL |c XD-US | ||
| 050 | 0 | |a BF1769 | |
| 082 | 0 | |a 888/.01 |q LOC |2 22 | |
| 082 | 0 | 4 | |a 220 |a 880 |q DNB |
| 084 | |a 1 |2 ssgn | ||
| 084 | |a BC 7550 |q BVB |2 rvk |0 (DE-625)rvk/9683: | ||
| 084 | |a BC 3098 |2 rvk |0 (DE-625)rvk/9347: | ||
| 084 | |a 11.37 |2 bkl | ||
| 090 | |a a | ||
| 100 | 1 | |8 1\p |0 (DE-588)1210182572 |0 (DE-627)1698241135 |4 aut |a Waßmuth, Olaf |d 1967- | |
| 109 | |a Waßmuth, Olaf 1967- | ||
| 245 | 1 | 0 | |a Sibyllinische Orakel |b 1 - 2 ; Studien und Kommentar |c von Olaf Waßmuth |
| 246 | 3 | 3 | |a Oracula Sibyllina |
| 264 | 1 | |a Leiden |a Boston |b Brill |c 2011 | |
| 300 | |a XV, 589 S. |b Ill. | ||
| 336 | |a Text |b txt |2 rdacontent | ||
| 337 | |a ohne Hilfsmittel zu benutzen |b n |2 rdamedia | ||
| 338 | |a Band |b nc |2 rdacarrier | ||
| 490 | 1 | |a Ancient Judaism and early Christianity |v 76 | |
| 500 | |a Includes bibliographical references and indexes | ||
| 500 | |a Einheitssacht. des kommentierten Werkes: Oracula Sibyllina | ||
| 502 | |a Zugl.: Bern, Univ., Diss., 2007-2008 | ||
| 546 | |a Teilw. in griech. Schrift | ||
| 583 | 1 | |a Archivierung/Langzeitarchivierung gewährleistet |f SSG |x XA-DE-BW |2 pdager |5 DE-21 | |
| 601 | |a Kommentar | ||
| 630 | 2 | 0 | |a Oracula Sibyllina |n Book 1-2 |
| 630 | 0 | 7 | |0 (DE-588)4181156-2 |0 (DE-627)104507756 |0 (DE-576)210002891 |a Oracula Sibyllina |2 gnd |
| 630 | 0 | 7 | |0 (DE-588)7502206-0 |0 (DE-627)701566639 |0 (DE-576)253227178 |a Alttestamentliche Apokryphen |2 gnd |
| 650 | 0 | 7 | |0 (DE-588)4136710-8 |0 (DE-627)104500719 |0 (DE-576)209671467 |a Kommentar |2 gnd |
| 652 | |a HA |b DDCoderRVK | ||
| 655 | 7 | |a Kommentar |0 (DE-588)4136710-8 |0 (DE-627)104500719 |0 (DE-576)209671467 |2 gnd-content | |
| 655 | 7 | |a Hochschulschrift |0 (DE-588)4113937-9 |0 (DE-627)105825778 |0 (DE-576)209480580 |2 gnd-content | |
| 689 | 0 | 0 | |d u |0 (DE-588)7624379-5 |0 (DE-627)577730568 |0 (DE-576)285615815 |a Oracula Sibyllina |2 gnd |n 1-2 |
| 689 | 0 | |5 DE-101 | |
| 689 | 1 | 0 | |d u |0 (DE-588)7624379-5 |0 (DE-627)577730568 |0 (DE-576)285615815 |a Oracula Sibyllina |2 gnd |n 1-2 |
| 689 | 1 | |5 (DE-627) | |
| 751 | |a Bern |0 (DE-588)4005762-8 |0 (DE-627)106379933 |0 (DE-576)208862781 |4 uvp | ||
| 787 | 0 | 8 | |i Rezension |a Verheyden, J. |t , in: EThL |g 89 (2013) 448-450 |
| 787 | 0 | 8 | |i Rezensiert in |a Jacobs, Deborah |t Sibyllinische Orakel 1–2. Studien und Kommentar |d 2012 |w (DE-627)1797973541 |
| 830 | 0 | |a Ancient Judaism and early Christianity |v 76 |9 76 |w (DE-627)392767503 |w (DE-576)485818485 |w (DE-600)2158729-2 |x 1871-6636 |7 am | |
| 856 | 4 | 2 | |u https://swbplus.bsz-bw.de/bsz335882455inh.htm |m B:DE-576;DE-21 |q application/pdf |v 20110126093524 |x Verlag |3 Inhaltsverzeichnis |7 1 |
| 856 | 4 | 2 | |u https://swbplus.bsz-bw.de/bsz335882455kla.htm |m B:DE-576;DE-21 |q application/pdf |v 20110126093525 |x Verlag |3 Klappentext |7 1 |
| 883 | |8 1\p |a cgwrk |d 20241001 |q DE-101 |u https://d-nb.info/provenance/plan#cgwrk | ||
| 935 | |a mteo |a BIIN | ||
| 935 | |i sf | ||
| 935 | |i Blocktest | ||
| 936 | r | v | |a BC 7550 |b Reihen, die das NT umfassen |k Theologie und Religionswissenschaften |k Bibelwissenschaft |k Biblische Theologie |k Sammelwerke |k Schriftenreihen |k Reihen, die das NT umfassen |0 (DE-627)1270713248 |0 (DE-625)rvk/9683: |0 (DE-576)200713248 |
| 936 | r | v | |a BC 3098 |b Oracula Sibyllina |k Theologie und Religionswissenschaften |k Bibelwissenschaft |k Bibeltexte, Bibelkommentare und Abhandlungen |k Bibeltexte und -übersetzungen |k Die apokryphen Schriften |k Alttestamentliche Apokryphen |k Oracula Sibyllina |0 (DE-627)1270712152 |0 (DE-625)rvk/9347: |0 (DE-576)200712152 |
| 936 | b | k | |a 11.37 |j Apokryphen |j Pseudepigraphen |x Bibel |0 (DE-627)106404342 |
| 951 | |a BO | ||
| BIB | |a 1 | ||
| ELC | |b 1 | ||
| ITA | |a 1 |t 1 | ||
| LOK | |0 000 xxxxxcx a22 zn 4500 | ||
| LOK | |0 001 312813197X | ||
| LOK | |0 003 DE-627 | ||
| LOK | |0 004 63792732X | ||
| LOK | |0 005 20110124083834 | ||
| LOK | |0 008 110118||||||||||||||||ger||||||| | ||
| LOK | |0 040 |a DE-21 |c DE-627 |d DE-21 | ||
| LOK | |0 852 |a DE-21 | ||
| LOK | |0 852 1 |c 51 A 540 |9 00 | ||
| LOK | |0 935 |a theo | ||
| LOK | |0 936ln |a t3.1 | ||
| LOK | |0 938 |a 1101 |f 2 | ||
| LOK | |0 939 |a 18-01-11 |b l01 | ||
| LOK | |0 000 xxxxxcx a22 zn 4500 | ||
| LOK | |0 001 3128132437 | ||
| LOK | |0 003 DE-627 | ||
| LOK | |0 004 63792732X | ||
| LOK | |0 005 20190205145040 | ||
| LOK | |0 008 180308||||||||||||||||ger||||||| | ||
| LOK | |0 040 |a DE-Tue135 |c DE-627 |d DE-Tue135 | ||
| LOK | |0 092 |o n | ||
| LOK | |0 852 |a DE-Tue135 | ||
| LOK | |0 852 1 |9 00 | ||
| LOK | |0 939 |a 08-03-18 |b l01 | ||
| LOK | |0 000 xxxxxcx a22 zn 4500 | ||
| LOK | |0 001 3128132445 | ||
| LOK | |0 003 DE-627 | ||
| LOK | |0 004 63792732X | ||
| LOK | |0 005 20190312001612 | ||
| LOK | |0 008 190311||||||||||||||||ger||||||| | ||
| LOK | |0 035 |a (DE-Tue135-1)203218 | ||
| LOK | |0 040 |a DE-Tue135-1 |c DE-627 |d DE-Tue135-1 | ||
| LOK | |0 852 |a DE-Tue135-1 | ||
| LOK | |0 852 1 |c FTHNT065796 |m p |9 00 | ||
| LOK | |0 852 2 |b Y 7 |9 00 | ||
| LOK | |0 935 |a iMON | ||
| LOK | |0 938 |k p | ||
| LOK | |0 939 |a 11-03-19 |b l12 | ||
| ORI | |a SA-MARC-ixtheoa001.raw | ||
| REL | |a 1 | ||
| STA | 0 | 0 | |a Commentary,Sibylline oracles,Sibylline oracles,Sibylline oracles,Oracula Sibyllina |
| STB | 0 | 0 | |a Commentaire |
| STC | 0 | 0 | |a Comentario |
| STD | 0 | 0 | |a Commento |
| STE | 0 | 0 | |a 注释,解释,评注 |
| STF | 0 | 0 | |a 注釋,解釋,評注 |
| STG | 0 | 0 | |a Comentário |
| STH | 0 | 0 | |a Комментарий |
| STI | 0 | 0 | |a Σχόλιο |
| SUB | |a BIB |a REL | ||
| SYD | 0 | 0 | |a Sibyllinische Orakel,Sibyllinen,Sibyllinische Weissagungen,Sibyllina oracula,Sibylliacon,Oracula sibyllina,Sibyllen Weissagung,Apokryphen,Bibel,Altes Testament,Oracula Sibyllina , Bibel,Altes Testament,Apokryphen,Pseudepigraphen (evang. Sprachgebrauch),Die Apokryphen des Alten Testaments,The Apocrypha of the Old Testament |
| SYE | 0 | 0 | |a Kommentare |
| SYG | 0 | 0 | |a Sibyllinische Orakel,1-2 , Sibyllinische Orakel,1-2 |